Welcome to WEB OPAC of MRSPTU Central Library

Water supply and sanitary engineering (Record no. 1820)

MARC details
000 -LEADER
fixed length control field 00426nam a2200169Ia 4500
008 - FIXED-LENGTH DATA ELEMENTS--GENERAL INFORMATION
fixed length control field 230711s9999||||xx |||||||||||||| ||und||
041 ## - LANGUAGE CODE
Language code of text/sound track or separate title ENG
082 ## - DEWEY DECIMAL CLASSIFICATION NUMBER
Classification number 628.1
Item number BI-W
100 ## - MAIN ENTRY--PERSONAL NAME
Personal name Birdie,G. S
245 #0 - TITLE STATEMENT
Title Water supply and sanitary engineering
250 ## - EDITION STATEMENT
Edition statement 6th . . Ed.
260 ## - PUBLICATION, DISTRIBUTION, ETC.
Date of publication, distribution, etc. 2002
Place of publication, distribution, etc. New Delhi
Name of publisher, distributor, etc. Dhanpat Rai & Co.(Pvt.)Ltd.
300 ## - PHYSICAL DESCRIPTION
Extent 965
650 ## - SUBJECT ADDED ENTRY--TOPICAL TERM
Topical term or geographic name entry element Civil Engineering
700 ## - ADDED ENTRY--PERSONAL NAME
Personal name Birdie,J. S
942 ## - ADDED ENTRY ELEMENTS (KOHA)
Koha item type Book
Holdings
Withdrawn status Lost status Damaged status Not for loan Collection Home library Current library Date acquired Total checkouts Full call number Barcode Date last seen Price effective from Koha item type Date last checked out
          MRSPTU Central Library MRSPTU Central Library     628.1 BI-W 8265 08/17/2023 08/17/2023 Book  
          MRSPTU Central Library MRSPTU Central Library     628.1 BI-W 9264 08/17/2023 08/17/2023 Book  
          MRSPTU Central Library MRSPTU Central Library   1 628.1 BI-W 14588 05/24/2024 08/17/2023 Book 05/13/2024
          MRSPTU Central Library MRSPTU Central Library     628.1 BI-W 14589 08/17/2023 08/17/2023 Book  
          MRSPTU Central Library MRSPTU Central Library   2 628.1 BI-W 14590 05/16/2024 08/17/2023 Book 02/08/2024
          MRSPTU Central Library MRSPTU Central Library   2 628.1 BI-W 14591 05/15/2024 08/17/2023 Book 05/13/2024
          MRSPTU Central Library MRSPTU Central Library     628.1 BI-W 14592 08/17/2023 08/17/2023 Book  
          MRSPTU Central Library MRSPTU Central Library     628.1 BI-W 14593 08/17/2023 08/17/2023 Book  
          MRSPTU Central Library MRSPTU Central Library   2 628.1 BI-W 14594 06/11/2024 08/17/2023 Book 04/22/2024
          MRSPTU Central Library MRSPTU Central Library     628.1 BI-W 14595 08/17/2023 08/17/2023 Book  

Website Designed and Developed by MRSPTU Central Library Team

E-mail Id: librarian@mrsptu.ac.in